000 00656nam a22002172 4500
001 0000000713
005 20151217151754.0
008 070216s xx 000 0 eng d
020 _cKES 490
040 _aKABU
_cKABU
050 0 _aBS480
_b.A63 1995
100 1 _aAnders, Max.
_@0000149023
245 1 4 _aThe Bible :
_bembracing God's truth /
_cMax Anders.
260 _aNashville :
_bThomas Nelson,
_c1995.
300 _a184 p.
650 0 _aBible
_xEvidences, authority, etc.
_@0000149024
650 0 _aBible
_xCriticism, interpretation, etc.
_@0000149025
908 _a070216
950 _@1
999 _c4870
_d4870